Απόκριση παραλιών ωοτοκίας της χελώνας Caretta caretta στον κόλπο του Λαγανά, στην κλιματική αλλαγή : πτυχιακή εργασία
Αποθηκεύτηκε σε:
| Κύριος συγγραφέας: | |
|---|---|
| Συγγραφή απο Οργανισμό/Αρχή: | |
| Άλλοι συγγραφείς: | |
| Μορφή: | Thesis Βιβλίο |
| Γλώσσα: | Greek |
| Δημοσίευση: |
2013
|
| Θέματα: | |
| Διαθέσιμο Online: | http://hdl.handle.net/11610/7225 |
| Ετικέτες: |
Προσθήκη ετικέτας
Δεν υπάρχουν, Καταχωρήστε ετικέτα πρώτοι!
|
MARC
| LEADER | 00000cam a2200000 i 4500 | ||
|---|---|---|---|
| 001 | 1/53355 | ||
| 008 | 140821s2013 gre d | ||
| 035 | |l 10118663 | ||
| 040 | |a GR-MY-UA |b gre |e aacr | ||
| 041 | 0 | |a gre | |
| 082 | 0 | |a 551.458 |2 (22) | |
| 100 | 1 | |a Τζιούρρου, Παύλος. | |
| 245 | 1 | 0 | |a Απόκριση παραλιών ωοτοκίας της χελώνας Caretta caretta στον κόλπο του Λαγανά, στην κλιματική αλλαγή : |b πτυχιακή εργασία / |c Παύλος Τζιούρρου ; [επιβλέπων καθηγητής: Χασιώτης Θωμάς] |
| 260 | |c 2013 | ||
| 300 | |a 65 σ.; |b πίν, διαγρ.; |c 30 εκ. | ||
| 502 | |a Πτυχιακή εργασία – Πανεπιστήμιο Αιγαίου, Λέσβος, 2013. | ||
| 504 | |a Περιλαμβάνει βιβλιογραφία και παράρτημα | ||
| 650 | 0 | 0 | |a Loggerhead turtle |x Habitat. |
| 650 | 0 | 0 | |a Beaches |z Greece |z Zakynthos (Municipality) |
| 650 | 0 | 0 | |a Coasts |z Greece |z Zakynthos (Municipality) |
| 650 | 0 | 0 | |a Coast changes |z Greece |z Zakynthos (Municipality) |
| 650 | 0 | 0 | |a Sea level |x Environmental aspects. |
| 650 | 0 | 0 | |a Dissertations, Academic |z Greece. |
| 700 | 1 | |a Χασιώτης, Θωμάς. |4 ths | |
| 710 | 2 | |a Πανεπιστήμιο Αιγαίου |b Σχολή Περιβάλλοντος |b Τμήμα Επιστημών της Θάλασσας. | |
| 852 | |a INST |b LESVOS |c DIATR |e 20140821 |h 729 |p 005100054805 |q 005100054805 |t DIE |y 23 | ||
| 852 | |a INST |b LESVOS |c DIATR |e 20140821 |h 730 |p 005100054804 |q 005100054804 |t DIE |y 23 | ||
| 856 | |u http://hdl.handle.net/11610/7225 | ||
| 901 | |a BIBL1-2014-2 | ||
| 909 | |a Λ |b 190177 | ||
| 909 | |a Λ |b 190176 | ||
| 924 | |a ΤΖΙΟΥΡΡΟΥ |b ΠΑΥΛΟΣ |y ΛΕΣΒΟΣ |z 2014-01 | ||
| 970 | |a ΤΖΑΦΕΡΗ |b ΕΥΑΓΓΕΛΙΑ |z 2014/08/22 | ||